Statistiche per Russians that played in the Premier League

Clicka qui per fare il quiz!

Statistiche generali

  • Questo quiz è stato fatto 5 volte
  • Il punteggio medio è 1 su 8

Statistiche sulle risposte

HintRisposta% Corretto
Arsenal (2008–13)Andrey Arshavin
100%
Chelsea (2009–11)Yuri Zhirkov
25%
Portsmouth, Chelsea, Charlton Athletic, Fulham (2003–08)Alexey Smertin
0%
Manchester United, Everton, Manchester City, Southampton (1992–97, 2000–01, 2002–03)Andrei Kanchelskis
0%
Everton (2009–12)Diniyar Bilyaletdinov
0%
Chelsea (1992–99)Dmitri Kharine
0%
Fulham, Reading (2011–13)Pavel Pogrebnyak
0%
Tottenham Hotspur (2008–12)Roman Pavlyuchenko
0%

Distribuzione punteggi

Percentile per numero di risposta

Percentuale di utenti per punteggio

I tuoi punteggi nel tempo

Non hai fatto questo quiz